Países por Imagen de Satélite #3 - Estadísticas

Estadísticas generales
  • Esta prueba ha sido intentada 3.518 veces
  • La puntuación promedio es 11 de 16
Estadísticas de respuestas
Imagen Respuesta % Correcto
Estados Unidos
98%
Turquía
93%
Nueva Zelanda
91%
Filipinas
90%
Irlanda
89%
Somalia
89%
Mónaco
80%
Haití
77%
Catar
73%
Jamaica
68%
Croacia
67%
Kazajistán
61%
Colombia
58%
Pakistán
46%
Uruguay
43%
Yibuti
26%
No se encontraron pruebas coincidentes
Distribución de puntuación
Porcentaje de gente con cada puntuación
Porcentaje por número respondido
Historial de tus puntuaciones
No has intentado esta prueba.